| 000 | 00485nam a22001817a 4500 | ||
|---|---|---|---|
| 003 | NUST - PNEC | ||
| 005 | 20170116181039.0 | ||
| 008 | 150921b xxu||||| |||| 00| 0 eng d | ||
| 020 | _a0713667354 | ||
| 040 | _cLIBRARY | ||
| 082 | _a623.87 JAC | ||
| 100 |
_97593 _aJackson, Leslie |
||
| 245 |
_aReed's general engineering knowledge for marine engineers Vol-8 _cLeslie Jackson |
||
| 250 | _a4th ed. | ||
| 260 | _c1986 | ||
| 650 |
_97488 _aMarine engineering _xME |
||
| 942 |
_2ddc _cBK |
||
| 999 |
_c68036 _d68036 |
||